Automation, production. Systems, and Computer integrated manufacturing (Record no. 4996)
[ view plain ]
| 000 -LEADER | |
|---|---|
| fixed length control field | 00384nam a2200145Ia 4500 |
| 008 - FIXED-LENGTH DATA ELEMENTS--GENERAL INFORMATION | |
| fixed length control field | 191201s2012 xx 000 0 und d |
| 082 ## - DEWEY DECIMAL CLASSIFICATION NUMBER | |
| Classification number | 620.1 |
| Item number | GRA |
| 100 ## - MAIN ENTRY--PERSONAL NAME | |
| Personal name | GROOVER,Mikell P |
| 245 #0 - TITLE STATEMENT | |
| Title | Automation, production. Systems, and Computer integrated manufacturing |
| 250 ## - EDITION STATEMENT | |
| Edition statement | 3rd |
| 260 ## - PUBLICATION, DISTRIBUTION, ETC. (IMPRINT) | |
| Place of publication, distribution, etc | N. delhi |
| Name of publisher, distributor, etc | PHI |
| Date of publication, distribution, etc | 2012 |
| 300 ## - PHYSICAL DESCRIPTION | |
| Extent | 815 |
| 650 ## - SUBJECT ADDED ENTRY--TOPICAL TERM | |
| Topical term or geographic name as entry element | M.Tech (ME) |
| 942 ## - ADDED ENTRY ELEMENTS (KOHA) | |
| Source of classification or shelving scheme | Dewey Decimal Classification |
| Koha item type | Text Books |
| 942 ## - ADDED ENTRY ELEMENTS (KOHA) | |
| -- | 8 |
| Withdrawn status | Lost status | Source of classification or shelving scheme | Damaged status | Not for loan | Collection code | Home library | Current library | Date acquired | Source of acquisition | Cost, normal purchase price | Bill Number | Total Checkouts | Full call number | Acc. no. / Barcode | Date last seen | Date last borrowed | Bill Date | Koha item type |
|---|---|---|---|---|---|---|---|---|---|---|---|---|---|---|---|---|---|---|
| Dewey Decimal Classification | B.Tech(ME) | PIET C-LIBRARY | PIET C-LIBRARY | 27/08/2011 | The book company | 525.00 | IN-1247 | 2 | 004.6 GRA | 18221 | 01/01/2024 | 23/12/2023 | 22/08/2011 | Text Books | ||||
| Dewey Decimal Classification | B.Tech(ME) | PIET C-LIBRARY | PIET C-LIBRARY | 27/08/2011 | The book company | 525.00 | IN-1247 | 5 | 004.6 GRA | 18222 | 22/12/2022 | 15/12/2022 | 22/08/2011 | Text Books | ||||
| Dewey Decimal Classification | B.Tech(ME) | PIET C-LIBRARY | PIET C-LIBRARY | 27/08/2011 | The book company | 525.00 | IN-1247 | 2 | 004.6 GRA | 18223 | 03/01/2025 | 26/12/2024 | 22/08/2011 | Text Books | ||||
| Dewey Decimal Classification | B.Tech(ME) | PIET C-LIBRARY | PIET C-LIBRARY | 11/10/2011 | UDH pub and dis Delhi | 815.00 | IN1317 | 004.6 GRA | 18431 | 04/12/2019 | 10/10/2011 | Text Books | ||||||
| Dewey Decimal Classification | B.Tech(ME) | PIET C-LIBRARY | PIET C-LIBRARY | 11/10/2011 | UDH pub and dis Delhi | 815.00 | IN1317 | 3 | 004.6 GRA | 18432 | 12/12/2023 | 25/11/2023 | 10/10/2011 | Text Books | ||||
| Dewey Decimal Classification | B.Tech(ME) | PIET C-LIBRARY | PIET C-LIBRARY | 11/10/2011 | UDH pub and dis Delhi | 815.00 | IN1317 | 004.6 GRA | 18433 | 04/12/2019 | 10/10/2011 | Text Books |